000 00752nam a22002177a 4500
003 0
005 20251114110810.0
008 251114b xxu||||| |||| 00| 0 eng d
020 _a1-59308-003-4
050 _aPG 3456
_b.C44 2003
100 _aChekhov, Anton,
_eauthor.
245 _aWard no. 6 and other stories /
_cAnton Chekhov.
260 _aNew York, NY :
_bBarnes & Noble Classics,
_c2003.
300 _axxviii, 371 pages ;
_c21 cm.
504 _aIncludes bibliographical references.
600 _aChekhov, Anton Pavlovich, 1860–1904
_xTranslations into English.
650 _aLiterary collections.
650 _aShort stories, Russian
_xTranslations into English.
650 _aRussia
_xSocial life and customs
_vFiction.
942 _2lcc
_cBK
999 _c368641
_d368641